Visualizzazione normale
Vista MARC
- Donaggio Pino
di Personal Name
Records bibliografici associati: 1
001 - CONTROL NUMBER
- control field: 40131
003 - CONTROL NUMBER IDENTIFIER
- control field: IT-RoPau
005 - DATE AND TIME OF LATEST TRANSACTION
- control field: 20151126144234.0
008 - FIXED-LENGTH DATA ELEMENTS
- fixed length control field: 151126|| aca||aabn | a|a d
040 ## - CATALOGING SOURCE
- Original cataloging agency: IT-RoPau
- Transcribing agency: IT-RoPau
100 ## - HEADING--PERSONAL NAME
- Personal name: Donaggio Pino
- Relator term: (musica)
- Miscellaneous information: Codice Musica SPICS: 13658
670 ## - SOURCE DATA FOUND
- Source citation: Work cat.: (IT-RoPau)105215: Oldoini Enrico Codice regista SPICS: 3092 40127, DON MATTEO - PRIMA STAGIONE DON MATTEO - PRIMA STAGIONE (Rif. Codice opera principale : H8020)